Der Stadtstaat Elbing
| Titel: | Der Stadtstaat Elbing : Elbing und sein Territorium / Hans W. Hoppe |
|---|---|
| Verfasser: | |
| Veröffentlicht: | Bremerhaven [u.a.] : Truso-Verl., 1969 |
| Umfang: | 60 S. : Ill., Kt.; ; 21 cm |
| Format: | Buch |
| Sprache: | Deutsch |
| Schriftenreihe/ mehrbändiges Werk: |
Elbinger Hefte ; 31 |
| Hinweise zum Inhalt: |
Inhaltsverzeichnis
|
X
alg: 7543801
001A $06000:30-06-99
001B $01999:12-05-23 $t22:22:10.000
001C $00004:13-03-14 $t10:12:20.000
001D $00004:13-03-14
001U $0utf8
001X $00
002@ $0Aay
003@ $0075438011
003O $0236222832 $aOCoLC
004A $fkart. : DM 4.80
006G $0750998636
006U $075,B21,0282
007A $0750998636 $aDNB
007G $0DE020322F66E28752FE89C12578C70033BD4B
007T $0Herdhh075438011
009P $qapplication/pdf $A2 $3Inhaltsverzeichnis $uhttp://scans.hebis.de/HEBCGI/show.pl?07543801_toc.pdf $mV:DE-603;B:DE-Mb50
010@ $ager
011@ $a1969
021A $aDer @Stadtstaat Elbing $dElbing und sein Territorium $hHans W. Hoppe
028A $7 $8Hoppe, Hans W. [Tnd] $9143317725
033A $pBremerhaven {[u.a.] $nTruso-Verl.
034D $a60 S.
034I $a21 cm
034M $aIll., Kt.;
036E $aElbinger Hefte $l31
036F $x231 $8Elbinger Hefte $9001706489 $l31
044F $bElbing
044F $bElbing
045E $b14a
045F $a909 $eDDC23BSB
045F/01 $a909
045F/03 $g43832
045G $a306.0943832 $eDDC23BSB
045G/01 $a306.09
045G/03 $g43832
045H $a340.09 $eDDC23BSB
045H/01 $a340.09
045H/03 $f0902
045H/03 $f0903
045H/03 $f09041
045H/03 $g43832
045I $a351.09 $eDDC23BSB
045I/01 $a351.09
045I/03 $g4382
045I/03 $g43832
lok: 7543801 24
101B $006-07-11 $t15:26:02.000
101C $006-07-11
101U $0utf8
145Z/01 $a6 8 E 1
145Z/02 $a6 7 A
145Z/03 $a6 13 M
145Z/04 $a6 12 E
145Z/05 $a6 12 F
exp: 7543801 24 1 #EPN
201B/01 $006-07-11 $t15:26:02.000
201C/01 $026-05-11
201U/01 $0utf8
203@/01 $0620820136
208@/01 $a06-07-11 $bz
209A/01 $a11.03353 $du $f050 $h11 03353 $x00
209C/01 $a11.03353 K $h11 03353 K
209G/01 $a72809378 $x00
220C/01 $ahae
247C/01 $8358050-7 Marburg, Bibliothek des Herder-Instituts Marburg $9102600961
lok: 7543801 78
exp: 7543801 78 1 #EPN
201B/01 $020-12-17 $t22:58:50.000
201U/01 $0utf8
203@/01 $0793856795
208@/01 $a12-11-16 $be
209A/01 $a/ $f000 $x00
220C/01 $aAnmerkung: *NG
237A/01 $aweiterführende Signatur(en): Herder-Institut: 11.03353
244Z/01 $2Trx $#Prusy Wschodnie i Zachodnie $8--Trx--Ost- und Westpreußen $x01 $939113373X
244Z/01 $#Elbing $#Elbing Elbląg $71028071-6 $8--Tg1--Elbląg $x02 $9042042631
244Z/01 $2Trx $8--Trx--Monographie $x03 $9391384546
245Z/01 $a13.03 $x01
245Z/01 $a07.01 $x02
247C/01 $82080>Marburg/Lahn, Herder-Institut, Forschungsbibliothek, Bibliographieportal $9336309341
lok: 7543801 205
exp: 7543801 205 1 #EPN
201B/01 $013-03-14 $t10:12:20.000
201C/01 $026-05-09
201U/01 $0utf8
203@/01 $0575260858
208@/01 $a13-03-14 $bz
209A/01 $a070 8 2014/04972 $du $f000 $x00
209C/01 $a(424) 18 2009/0078
209G/01 $a55356815 $x00
247C/01 $8351000-1 <4>Marburg, Universität Marburg, Universitätsbibliothek $9102594767
| LEADER | 00000cam a22000002c 4500 | ||
|---|---|---|---|
| 001 | 075438011 | ||
| 003 | DE-603 | ||
| 005 | 20230512222210.0 | ||
| 007 | tu | ||
| 008 | 990630s1969 xx |||| | u00||u|ger | ||
| 015 | |a 75,B21,0282 |2 dnb | ||
| 016 | 7 | |2 DE-101 |a 750998636 | |
| 035 | |a (DE-599)DNB750998636 | ||
| 035 | |a (OCoLC)236222832 | ||
| 040 | |a DE-603 |b ger |c DE-603 |d DE-603 | ||
| 041 | |a ger | ||
| 082 | 0 | 4 | |8 1\u |a 909 |q DE-101 |2 23/BSB |
| 083 | 0 | |8 2\u |a 306.0943832 |q DE-101 |2 23/BSB | |
| 083 | 0 | |8 3\u |a 340.09 |q DE-101 |2 23/BSB | |
| 083 | 0 | |8 4\u |a 351.09 |q DE-101 |2 23/BSB | |
| 084 | |a 14a |q DE-101 |2 sdnb | ||
| 085 | |8 1\u |b 909 | ||
| 085 | |8 1\u |z 2 |s 43832 | ||
| 085 | |8 2\u |b 306.09 | ||
| 085 | |8 2\u |z 2 |s 43832 | ||
| 085 | |8 3\u |b 340.09 | ||
| 085 | |8 3\u |z 1 |s 0902 | ||
| 085 | |8 3\u |z 1 |s 0903 | ||
| 085 | |8 3\u |z 1 |s 09041 | ||
| 085 | |8 3\u |z 2 |s 43832 | ||
| 085 | |8 4\u |b 351.09 | ||
| 085 | |8 4\u |z 2 |s 4382 | ||
| 085 | |8 4\u |z 2 |s 43832 | ||
| 100 | 1 | |a Hoppe, Hans W. |0 (DE-603)143317725 | |
| 245 | 0 | 0 | |a Der Stadtstaat Elbing |b Elbing und sein Territorium |c Hans W. Hoppe |
| 264 | 1 | |a Bremerhaven [u.a.] |b Truso-Verl. |c 1969 | |
| 300 | |a 60 S. |b Ill., Kt.; |c 21 cm | ||
| 490 | 1 | |a Elbinger Hefte |v 31 | |
| 651 | 7 | |a Elbing |2 local | |
| 651 | 7 | |a Elbing |2 local | |
| 830 | 0 | |t Elbinger Hefte |v 31 |w (DE-603)001706489 |w (DE-600)539678-5 |9 231 |7 as | |
| 856 | 4 | 2 | |m V:DE-603;B:DE-Mb50 |q application/pdf |u http://scans.hebis.de/HEBCGI/show.pl?07543801_toc.pdf |3 Inhaltsverzeichnis |
| 924 | 0 | |9 Mb 50 |a (DE-603)620820136 |b DE-Mb50 |c HES |d c |g 11.03353 | |
| 924 | 0 | |9 2080 |a (DE-603)793856795 |b DE-2080 |c HES |d d |g / | |
| 924 | 0 | |9 4 |a (DE-603)575260858 |b DE-4 |c HES |d c |g 070 8 2014/04972 | |


